01980nam a2200289 a 450000100100000000500170001000800410002702000180006804100080008604300120009408200070010610000320011324500440014525000120018926000340020130000190023549000330025452011840028765000250147165000260149665000240152265000270154665000300157365000290160365000290163265000290166100008728120200120224941.0190816s2016 sp gr| ||| j|spa d a97895854231140 aspa as-ck---042211 aPuértolas, Soledadd1947-10aChicos y chicas /cSoledad Puértolas. a1a. ed. aBarcelona :bAnagrama,c2016. a222 páginas. 0aNarrativas hispánicasv5723 a"Son relatos que tratan de encuentros, de desencuentros, de reencuentros. De chicos y chicas. De parejas que se separan, de traiciones, envidias e ilusiones, de mitos de adolescencia, de ideales de juventud, de las perplejidades de la madurez, del extrañamiento de la vida. Hay hijas que veneran a sus madres, madres que desconfían de sus hijas o de sus yernos, hay perros que se encaraman a las novias de sus dueños, hay horas de calor y de amor en el interior de una caravana en un camping, horas arrancadas a la vida oficial, de todos conocida, horas secretas. Y horas que, aun estando a la vista de todos, nadie ve. Sólo la voz que narra, que escoge ese momento y lo detiene. Un antiguo amor, una niña de la mano de su madre, las olas del mar enroscadas a los tobillos. No hay nadie en la playa todavía. Recuerdos, premoniciones, ensoñaciones. Realidades que nos sacuden. Personas que irrumpen, que se van sin decir adiós. Silencios que sólo pueden llenarse con sueños. Personajes de todas las edades que, de pronto, se sitúan a un lado del camino, ven el paso de los otros, y no saben si han vivido ya ese momento o es algo que aún está por venir."14aCuentos españoles.24aLiteratura española24aFe en la literatura24aTarot en la literatura24aSueños en la literatura24aMujeres en la literatura24aNiños en la literatura24aNiñas en la literatura